000 01256nam a2200241Ia 4500
999 _c37945
_d37945
001 3926
003 GE_BSU
005 20190917121807.0
008 181216s1951||||ge |||||||||||||| ||geo||
040 _cGE_BSU
041 _ageo
080 _a37.01(092) ი–70
100 _aიოვიძე, ა.
_94049
245 _aიაკობ გოგებაშვილი :
_b(დოკუმენტალური მასალები) /
_cსაქ. სსრ საარქივო სამმართველო; რედ. მ. გაბრიჩიძე.
264 _aთბ. :
_bსსრ შსს საარქივო სამმართვ. გამ-ბა,
_c1951
300 _a242 გვ. ;
_b24 სმ.
500 _aგაშლილი თავფურც. და ტექსტი პარალელურად ქართულ და რუსულ ენებზე.
501 _aბიბლიოგრ. შენიშვნებში.
600 _aგოგებაშვილი იაკობ
_92095
653 _aდოკუმენტალური მასალები
700 _aგაბრიჩიძე, მ.
_eრედაქტორი
_94053
942 _cBK
_2udc